|
|
|
|
| LEADER |
00685nab a2200169 i 4500 |
| 001 |
misc24530 |
| 005 |
20191111110705.0 |
| 008 |
170831s1881 hu o 0|| zxx d |
| 040 |
|
|
|a SZTE Miscellanea Repozitórium
|b hun
|
| 041 |
|
|
|a zxx
|
| 100 |
2 |
|
|a Metternich-Winneburg Richard
|
| 245 |
1 |
0 |
|a Lustrum der Congresse, Schriften = Sammlung 1818-1822
|h [elektronikus dokumentum] :
|b das Jahr 1821 /
|c Metternich-Winneburg Richard
|
| 260 |
|
|
|c 1881
|
| 300 |
|
|
|a 421-497
|
| 490 |
0 |
|
|a Kolligátum
|
| 695 |
|
|
|a Ausztria története - 19. sz., Belpolitika - osztrák - 1819 - forrás, Klemens Lothar Wenzel Metternich
|
| 856 |
4 |
0 |
|u http://misc.bibl.u-szeged.hu/24530/1/011_019_421-497.pdf
|z Dokumentum-elérés
|